Normal view
MARC view
- Goodman, Bob
Entry Personal Name
001 - CONTROL NUMBER
- control field: 65310
003 - CONTROL NUMBER IDENTIFIER
- control field: NUST
005 - DATE AND TIME OF LATEST TRANSACTION
- control field: 20210628203422.0
008 - FIXED-LENGTH DATA ELEMENTS
- fixed length control field: 210628|| aca||aabn | a|a d
040 ## - CATALOGING SOURCE
- Original cataloging agency: NUST
- Transcribing agency: NUST
100 ## - HEADING--PERSONAL NAME
- Personal name: Goodman, Bob
670 ## - SOURCE DATA FOUND
- Source citation: Work cat.: (NUST): Goodman, Bob, How electronic things work and what to do when they do not, 2003
